• 首页
  • 本馆介绍
  • 公告通知
  • 最新文献
  • 馆藏检索
  • 电子资源
  • 读者导购
  • 参考咨询
  • 我的图书馆
  • 登录
  • 详细信息显示
  • 放入我的书架
  • 预约/预借图书
  • 作者相关作品
  • 分类相关作品
  • 丛书相关作品
  • 出版社相关作品

书目信息

  • 表格格式
  • 工作单格式
  • 卡片格式
题名:
中外名作家自杀揭秘
    
 
作者: 陈辽 主编
分册:  
出版信息: 北京   中国华侨出版公司  1991.8
页数: 316页
开本: 19cm
丛书名:
单 册:
中图分类: K815.6 , I25
科图分类:
主题词: 作家--死亡--研究 , 作家 , 死亡 , 报告文学--中国 , 传记文学--中国
电子资源:
ISBN: 7-80074-535-X
000 00799nam0 2200277 450
001 1553507538
005 20150126155607.12
010    @a7-80074-535-X@dCNY5.05
100    @a19920527d1991 em y0chiy0110 ea
101 0  @achi
102    @aCN@b110000
105    @ay z 000yd
200 1  @a中外名作家自杀揭秘@9zhong wai ming zuo jia zi sha jie mi@f陈 辽主编
210    @a北京@c中国华侨出版公司@d1991.8
215    @a316页@d19cm
330    @a本书从文化、历史、哲学的角度对中外古今34位著名作家的自杀现象进行了探索。
606 0  @a作家@x死亡@x研究
606 0  @a作家
606 0  @a死亡
606 0  @a报告文学@x中国
606 0  @a传记文学@x中国
690    @aK815.6@v三版
690    @aI25@v4
701  0 @a陈辽@9chen liao@f(1931~)@4主编
801  0 @aCN@bTSSF@c20150126
905    @aZUCC@dI25@eJY69
    
    中外名作家自杀揭秘/陈 辽主编.-北京:中国华侨出版公司,1991.8
    316页;19cm
    
    
    ISBN 7-80074-535-X:CNY5.05
    本书从文化、历史、哲学的角度对中外古今34位著名作家的自杀现象进行了探索。
●
相关链接 在E读中查询图书 在五车中查询图书 在当当中查询图书 在豆瓣中查询图书


正题名:中外名作家自杀揭秘     索取号:I25/JY69         预约/预借

序号 登录号 条形码 馆藏地/架位号 状态 备注
1 7838900   278389003   学院路分馆/ [索取号:I25/JY69] 在馆    
2 7853755   278537558   学院路分馆/ [索取号:I25/JY69] 在馆    
3 7853756   278537567   学院路分馆/ [索取号:I25/JY69] 在馆    
4 7854375   278543756   学院路分馆/ [索取号:I25/JY69] 在馆    
唐山师范学院图书馆 欢迎您!
大连网信软件有限公司© 版权所有